[Event "TCh-CZE Div1 Vychod 2012-13"]
[Site "Czech Republic CZE"]
[Date "2012.11.25"]
[Round "3.8"]
[White "Kratochvil,K"]
[Black "Vincze,Rom"]
[Result "0-1"]
[WhiteElo "2204"]
[BlackElo "2111"]
[WhiteTeam "SK Duras BVK Kralovo Pole A"]
[BlackTeam "SK Gordic Jihlava"]
[WhiteFideId "325546"]
[BlackFideId "324906"]
[EventDate "2012.10.21"]

1. d4 d5 2. c4 c6 3. Nc3 Nf6 4. Nf3 dxc4 5. Ne5 b5 6. g3 Bb7 7. Bg2 a6 8. a4 Qc8
9. O-O Nbd7 10. f4 e6 11. e4 Be7 12. f5 exf5 13. Rxf5 O-O 14. Bg5 Nxe5 15. Rxe5
Bd8 16. Qf3 Nd7 17. Rf5 Bxg5 18. Rxg5 Qd8 19. Qg4 g6 20. e5 Qe7 21. Ne4 f5 22.
Qh4 Qg7 23. Nd6 h6 24. Nxb7 hxg5 25. Qxg5 Rac8 26. Nd6 Rc7 27. axb5 axb5 28. Ra6
Nxe5 29. dxe5 Qxe5 30. Qxg6+ Rg7 31. Qh6 Qe1+ 32. Bf1 f4 33. Nf5 Rxf5 34. Ra8+
Rf8 35. Rxf8+ Kxf8 36. Qxf4+ Rf7 37. Qh6+ Ke7 38. Qh4+ Rf6 39. Qh7+ Kd6 0-1

[Event "TCh-CZE Div1 Vychod 2012-13"]
[Site "Czech Republic CZE"]
[Date "2012.11.25"]
[Round "3"]
[White "Stachowiak,K"]
[Black "Votava,J"]
[Result "1-0"]
[WhiteTitle "IM"]
[BlackTitle "GM"]
[WhiteElo "2432"]
[BlackElo "2534"]
[WhiteTeam "Tatran Litovel B"]
[BlackTeam "2222 SK Polabiny B"]
[WhiteFideId "1119966"]
[BlackFideId "300535"]
[EventDate "2012.10.21"]

1. d4 Nf6 2. Nf3 g6 3. g3 Bg7 4. Bg2 O-O 5. O-O d6 6. c4 Nc6 7. Nc3 Bf5 8. d5
Na5 9. Nd2 c5 10. e4 Bd7 11. Qc2 e6 12. b3 exd5 13. cxd5 b5 14. Bb2 Rc8 15. Rfe1
Ng4 16. Nd1 Bxb2 17. Qxb2 f5 18. exf5 Bxf5 19. Ne3 Ne5 20. Nxf5 gxf5 21. Qc3 b4
22. Qe3 Rc7 23. f4 Ng6 24. Qd3 Qf6 25. Rac1 Rg7 26. Nf3 h6 27. Re6 Qb2 28. Rc2
Qa1+ 29. Re1 Qf6 30. Re6 Qa1+ 31. Kf2 Nb7 32. Qd2 c4 33. Rc1 c3 34. Rxa1 cxd2
35. Nxd2 Nc5 36. Rxd6 Re8 37. Bf1 1-0

[Event "TCh-CZE Div1 Vychod 2012-13"]
[Site "Czech Republic CZE"]
[Date "2012.11.25"]
[Round "2"]
[White "Cerveny,M"]
[Black "Butkiewicz,L"]
[Result "0-1"]
[WhiteTitle "FM"]
[BlackTitle "IM"]
[WhiteElo "2328"]
[BlackElo "2397"]
[WhiteTeam "2222 SK Polabiny B"]
[BlackTeam "Tatran Litovel B"]
[WhiteFideId "321141"]
[BlackFideId "1122428"]
[EventDate "2012.10.21"]

1. d4 c5 2. d5 e5 3. e4 d6 4. Nc3 Be7 5. f4 exf4 6. Bxf4 Nf6 7. Be2 Qa5 8. Qd2
O-O 9. Nf3 Bg4 10. O-O Bxf3 11. Bxf3 Nbd7 12. Rae1 Qc7 13. Nb5 Qb6 14. c4 a6 15.
Nxd6 Bxd6 16. e5 Nxe5 17. Bxe5 Bxe5 18. Rxe5 Ne8 19. Re7 Nd6 20. Qf4 Rae8 21.
Rfe1 Rxe7 22. Rxe7 Qd8 23. Re2 g6 24. h4 Re8 25. Rxe8+ Qxe8 26. b4 b6 27. bxc5
bxc5 28. Kh2 Qe7 29. g3 Kg7 30. h5 g5 31. Qc1 Qe5 32. Qa3 Nf5 33. Bg2 g4 34.
Qxc5 Qxg3+ 35. Kh1 Qe1+ 36. Kh2 g3+ 37. Kh3 Qd1 38. h6+ Kg6 39. Be4 Qh5+ 40. Kg2
Qe2+ 0-1

[Event "TCh-CZE Div1 Vychod 2012-13"]
[Site "Czech Republic CZE"]
[Date "2012.11.25"]
[Round "3"]
[White "Belunek,V"]
[Black "Hosek,Mi"]
[Result "1/2-1/2"]
[WhiteTitle "FM"]
[BlackTitle "FM"]
[WhiteElo "2266"]
[BlackElo "2308"]
[WhiteTeam "Tatran Litovel B"]
[BlackTeam "2222 SK Polabiny B"]
[WhiteFideId "307432"]
[BlackFideId "304140"]
[EventDate "2012.10.21"]

1. d4 Nf6 2. Nf3 e6 3. c4 d5 4. Nc3 Bb4 5. cxd5 exd5 6. Bg5 h6 7. Bh4 c6 8. Qc2
g5 9. Bg3 Ne4 10. e3 Qa5 11. Rc1 Qxa2 12. Bd3 Bxc3+ 13. bxc3 Qxc2 14. Rxc2 Bf5
15. Ke2 Nd7 16. c4 dxc4 17. Rxc4 Nb6 18. Bxe4 Bxe4 19. Rb4 Bxf3+ 20. Kxf3 O-O-O
21. h4 Nd5 22. Ra4 a6 23. Rc1 f5 24. Be5 Rh7 25. Ra3 g4+ 26. Ke2 h5 27. f3 Nc7
28. fxg4 fxg4 29. Rd3 Rf7 30. e4 Rdf8 31. Bg3 Ne6 32. Ke3 Rf1 33. Rc2 Nf4 34.
Rdd2 Kd7 35. d5 cxd5 36. Bxf4 R1xf4 37. Rxd5+ Ke6 38. Rxh5 Rf1 39. Rh6+ R8f6 40.
Rxf6+ Rxf6 41. Rc7 b5 42. Kd4 Rf2 43. Rc6+ Kf7 44. Rxa6 Rxg2 45. h5 b4 46. Rb6
Rh2 47. Rxb4 Rxh5 48. Ke3 g3 49. Kf3 Rg5 50. Kg2 1/2-1/2

[Event "TCh-CZE Div1 Vychod 2012-13"]
[Site "Czech Republic CZE"]
[Date "2012.11.25"]
[Round "3"]
[White "Jedlicka,A"]
[Black "Vanek,L"]
[Result "1-0"]
[WhiteTitle "FM"]
[WhiteElo "2224"]
[BlackElo "2181"]
[WhiteTeam "2222 SK Polabiny B"]
[BlackTeam "Tatran Litovel B"]
[WhiteFideId "304824"]
[BlackFideId "324647"]
[EventDate "2012.10.21"]

1. d4 Nf6 2. c4 e6 3. g3 c5 4. d5 exd5 5. cxd5 d6 6. Nc3 g6 7. Bg2 Bg7 8. Nf3
O-O 9. O-O a6 10. a4 Nbd7 11. Bf4 Qc7 12. Qd2 Rb8 13. Rac1 b5 14. axb5 axb5 15.
b4 Nh5 16. Bg5 cxb4 17. Nxb5 Qb6 18. Nfd4 Ba6 19. Rc6 Qa5 20. Nxd6 Ne5 21. Be7
Qa4 22. Rcc1 Rb6 23. Bxf8 Bxf8 24. Nc8 Rf6 25. d6 Bxc8 26. Rxc8 Rxd6 27. e3 Rb6
28. Nc6 Rxc6 29. Rxc6 Nxc6 30. Qd7 Nf6 31. Qxc6 Qxc6 32. Bxc6 Ng4 33. Bd5 Bg7
34. Bb3 Kf8 35. Rd1 Ke7 36. Rd5 f5 37. h3 Ne5 38. Rb5 Nf3+ 39. Kg2 Nd2 40. Rb7+
Kd6 41. Rxb4 Nxb3 42. Rxb3 Ke7 43. Rb7+ Kf6 44. g4 h6 45. f4 Bf8 46. Kf3 Ba3 47.
e4 fxe4+ 48. Kxe4 Bc5 49. h4 Bf8 50. g5+ hxg5 51. hxg5+ Ke6 52. Rh7 1-0

[Event "TCh-CZE Div1 Vychod 2012-13"]
[Site "Czech Republic CZE"]
[Date "2012.11.25"]
[Round "3"]
[White "Silar,Lu"]
[Black "Neoral,A"]
[Result "1-0"]
[WhiteElo "2161"]
[BlackElo "2171"]
[WhiteTeam "2222 SK Polabiny B"]
[BlackTeam "Tatran Litovel B"]
[WhiteFideId "308129"]
[BlackFideId "314714"]
[EventDate "2012.10.21"]

1. e4 c5 2. Nf3 d6 3. d4 cxd4 4. Qxd4 Bd7 5. c4 Nc6 6. Qd1 g6 7. Nc3 Bg7 8. Be2
Rc8 9. O-O Nf6 10. h3 O-O 11. Be3 Re8 12. Rc1 Qa5 13. Qd2 a6 14. Rfd1 b5 15.
cxb5 axb5 16. Nxb5 Nxe4 17. Qxa5 Nxa5 18. Bd4 Bh6 19. Rxc8 Rxc8 20. Nc3 f5 21.
Nd5 Re8 22. Bb6 Nc6 23. a4 e6 24. Nc7 Rb8 25. a5 Bg7 26. Nd2 d5 27. Nxe4 fxe4
28. Bg4 Nb4 29. b3 Kf7 30. Be2 Be5 31. Na6 Nxa6 32. Bxa6 Bc3 33. Rc1 d4 34. Rd1
e5 35. Bc7 Re8 36. Bb7 Bc8 37. Bxe4 Ba6 38. f3 Ke6 39. Bb6 Rc8 40. Kf2 Bb2 41.
Rb1 Bc1 42. b4 Be3+ 43. Ke1 Bb5 44. Bc5 Rc7 45. Rb3 Bf4 46. Bd3 Bxd3 47. Rxd3
Kd5 48. a6 Kc4 49. Ke2 Rc6 50. Ra3 d3+ 51. Kd1 Rc8 52. a7 Ra8 53. Ra6 g5 54. Rf6
e4 55. fxe4 Re8 56. Rf8 Rxe4 57. a8=Q Re2 58. Qa6+ 1-0

[Event "TCh-CZE Div1 Vychod 2012-13"]
[Site "Czech Republic CZE"]
[Date "2012.11.26"]
[Round "3"]
[White "Kourek,J"]
[Black "Krejci,Jan1"]
[Result "1/2-1/2"]
[WhiteElo "2133"]
[BlackElo "2199"]
[WhiteTeam "2222 SK Polabiny B"]
[BlackTeam "Tatran Litovel B"]
[WhiteFideId "304107"]
[BlackFideId "316873"]
[EventDate "2012.10.21"]

1. d4 d5 2. Bg5 c6 3. Nf3 Bf5 4. e3 h6 5. Bh4 Qb6 6. Bd3 Bxd3 7. cxd3 Qxb2 8.
Nbd2 e6 9. Rb1 Qxa2 10. Rxb7 Bd6 11. Ne5 Bxe5 12. Qh5 Nd7 13. Rxd7 g6 14. Qxe5
Kxd7 15. Qxh8 Qa1+ 16. Ke2 Qxh1 17. Qg7 g5 18. Qxf7+ Ne7 19. Bg3 Qc1 20. Qf6 Rc8
21. Nf3 Qc2+ 22. Ke1 Qc1+ 23. Ke2 Qc2+ 24. Ke1 1/2-1/2

[Event "TCh-CZE Div1 Vychod 2012-13"]
[Site "Czech Republic CZE"]
[Date "2012.11.25"]
[Round "3"]
[White "Navratil,Ji3"]
[Black "Mojzis,Jar"]
[Result "1-0"]
[BlackTitle "FM"]
[WhiteElo "2057"]
[BlackElo "2163"]
[WhiteTeam "Tatran Litovel B"]
[BlackTeam "2222 SK Polabiny B"]
[WhiteFideId "332070"]
[BlackFideId "302325"]
[EventDate "2012.10.21"]

1. e4 c5 2. Nf3 Nf6 3. e5 Nd5 4. Nc3 Nxc3 5. bxc3 d6 6. d4 cxd4 7. cxd4 Nc6 8.
exd6 e6 9. Bd3 Bxd6 10. O-O Be7 11. c3 O-O 12. Re1 b6 13. Ne5 Nxe5 14. Rxe5 Bb7
15. Qh5 g6 16. Qh6 Bf6 17. Rh5 Re8 18. Qxh7+ Kf8 19. Bxg6 1-0

[Event "TCh-CZE Div1 Vychod 2012-13"]
[Site "Czech Republic CZE"]
[Date "2012.11.25"]
[Round "3.2"]
[White "Sluka,R"]
[Black "Buchnicek,P"]
[Result "1/2-1/2"]
[WhiteTitle "IM"]
[BlackTitle "FM"]
[WhiteElo "2292"]
[BlackElo "2352"]
[WhiteTeam "A64 PROCLIENT Grygov B"]
[BlackTeam "SK Caissa RHEA Trebic A"]
[WhiteFideId "305456"]
[BlackFideId "305235"]
[EventDate "2012.10.21"]

1. f4 d5 2. Nf3 Nf6 3. e3 g6 4. b3 Bg7 5. Bb2 O-O 6. Be2 c5 7. O-O Nc6 8. Bb5
Bd7 9. Bxc6 Bxc6 10. Ne5 Qc7 11. d3 Nd7 12. Nxc6 Qxc6 13. Bxg7 Kxg7 14. Nd2 e5
15. f5 Nf6 16. Qf3 Rad8 17. Qg3 e4 18. dxe4 dxe4 19. Rad1 Rd5 20. Nc4 Rfd8 21.
Rxd5 Rxd5 22. a4 Qd7 23. fxg6 hxg6 24. h3 Qd8 25. Qf4 b6 26. Ne5 Qd6 27. Nc4
Qxf4 28. Rxf4 g5 29. Rf2 Nd7 30. g4 Kg6 31. Kg2 a6 32. Rd2 Rxd2+ 33. Nxd2 f5 34.
gxf5+ Kxf5 35. Nc4 Ke6 36. Kg3 b5 37. axb5 axb5 38. Na3 b4 39. Nc4 Nf6 40. h4
gxh4+ 41. Kxh4 Kf5 42. Nd6+ Ke5 43. Nc4+ Kf5 44. Nd6+ Ke5 45. Nc4+ Kf5 46. Nd6+ 1/2-1/2

[Event "TCh-CZE Div1 Vychod 2012-13"]
[Site "Czech Republic CZE"]
[Date "2012.11.25"]
[Round "3.3"]
[White "Kulovana,E"]
[Black "Obsivac,J"]
[Result "0-1"]
[WhiteTitle "WGM"]
[BlackTitle "FM"]
[WhiteElo "2251"]
[BlackElo "2281"]
[WhiteTeam "SK Caissa RHEA Trebic A"]
[BlackTeam "A64 PROCLIENT Grygov B"]
[WhiteFideId "318779"]
[BlackFideId "303690"]
[EventDate "2012.10.21"]

1. e4 e6 2. d4 d5 3. Nd2 c5 4. exd5 Qxd5 5. Ngf3 cxd4 6. Bc4 Qd6 7. O-O Nf6 8.
Nb3 Nc6 9. Nbxd4 Nxd4 10. Nxd4 Bd7 11. c3 a6 12. Qf3 Qc7 13. Bb3 Bd6 14. h3
O-O-O 15. Bg5 Be5 16. Rad1 h6 17. Bh4 Bf4 18. Kh1 g5 19. Bg3 e5 20. Nc2 g4 21.
Qe2 gxh3 22. Ne3 Bc6 23. Kh2 hxg2 24. Nxg2 h5 25. Qc4 Bxg3+ 26. fxg3 Ng4+ 27.
Kg1 Qb6+ 28. Kh1 Ne3 0-1

[Event "TCh-CZE Div1 Vychod 2012-13"]
[Site "Czech Republic CZE"]
[Date "2012.11.25"]
[Round "3.4"]
[White "Sochor,S"]
[Black "Kratochvil,Jo"]
[Result "0-1"]
[BlackTitle "FM"]
[WhiteElo "2122"]
[BlackElo "2264"]
[WhiteTeam "A64 PROCLIENT Grygov B"]
[BlackTeam "SK Caissa RHEA Trebic A"]
[WhiteFideId "308749"]
[BlackFideId "328626"]
[EventDate "2012.10.21"]

1. d4 Nf6 2. Nf3 c5 3. e3 g6 4. Bd3 Bg7 5. b3 O-O 6. Bb2 b6 7. O-O Bb7 8. Nbd2
d6 9. Qe2 Qc7 10. a3 Nbd7 11. e4 cxd4 12. Nxd4 a6 13. c4 Nh5 14. Qe3 e5 15. Ne2
Nc5 16. Bc2 f5 17. f3 Nf4 18. b4 Nce6 19. Bb3 Kh8 20. Nxf4 Nxf4 21. Kh1 Rae8 22.
Rac1 Qd8 23. g3 Ne6 24. c5 Nd4 25. cxb6 Qa8 26. Ba4 Re7 27. Rfe1 fxe4 28. fxe4
d5 29. Rc7 Rxc7 30. bxc7 dxe4 31. Rf1 Nf5 32. Qc5 e3+ 33. Kg1 Bh1 34. Nf3 e2 35.
Bc6 exf1=Q+ 36. Kxf1 Qc8 37. Nxe5 Bxc6 38. Nxc6 Bxb2 39. Na7 Nd4+ 40. Kg2 Qa8+
41. Kh3 Ne6 42. Qc2 Ng5+ 43. Kg4 Qf3+ 0-1

[Event "TCh-CZE Div1 Vychod 2012-13"]
[Site "Czech Republic CZE"]
[Date "2012.11.25"]
[Round "3.6"]
[White "Kolasin,J"]
[Black "Belohlavek,P"]
[Result "1-0"]
[WhiteElo "2001"]
[BlackElo "2155"]
[WhiteTeam "A64 PROCLIENT Grygov B"]
[BlackTeam "SK Caissa RHEA Trebic A"]
[WhiteFideId "337048"]
[BlackFideId "318159"]
[EventDate "2012.10.21"]

1. e4 c5 2. Nf3 d6 3. d4 cxd4 4. Nxd4 Nf6 5. Nc3 a6 6. Be3 e5 7. Nb3 Be6 8. Be2
Be7 9. O-O O-O 10. f4 exf4 11. Bxf4 d5 12. exd5 Nxd5 13. Nxd5 Bxd5 14. Bf3 Bxf3
15. Qxf3 Qb6+ 16. Be3 Qc6 17. Rad1 Bf6 18. c3 Qxf3 19. Rxf3 Nc6 20. Bf4 Rad8 21.
Rfd3 Rxd3 22. Rxd3 Rd8 23. Rxd8+ Bxd8 24. Kf2 f5 25. Ke2 Be7 26. Kd3 g5 27. Bc7
Kf7 28. Kc4 Ke6 29. Nc5+ Bxc5 30. Kxc5 Kd7 31. Kb6 Kc8 32. b4 h5 33. a4 h4 34.
a5 Nb8 1-0

[Event "TCh-CZE Div1 Vychod 2012-13"]
[Site "Czech Republic CZE"]
[Date "2012.11.25"]
[Round "3.7"]
[White "Skaroupka,J"]
[Black "Zednik,Josef"]
[Result "1/2-1/2"]
[WhiteElo "2188"]
[BlackElo "2069"]
[WhiteTeam "SK Caissa RHEA Trebic A"]
[BlackTeam "A64 PROCLIENT Grygov B"]
[WhiteFideId "308374"]
[BlackFideId "360333"]
[EventDate "2012.10.21"]

1. Nf3 Nf6 2. c4 c6 3. d4 d5 4. Nc3 a6 5. e3 b5 6. c5 Bg4 7. Qb3 a5 8. Ne5 a4 9.
Qc2 Bd7 10. Bd3 Qc8 11. O-O e6 12. Bd2 Be7 13. f4 g6 14. Kh1 O-O 15. Rf3 Ne8 16.
g4 f5 17. g5 Bd8 18. h4 Bc7 19. Ne2 Bxe5 20. fxe5 Ng7 21. Nf4 Be8 22. Be2 Rf7
23. Rg3 Rfa7 24. Kg2 Nd7 25. Rh1 Nf8 26. Qd1 Qd7 27. Nd3 Bf7 28. Be1 Qe8 29. Rf3
Nh5 30. Bg3 Rb8 31. Nb4 Rc8 32. Qc2 Rcc7 33. Rb1 Rc8 34. Rff1 Rca8 35. b3 axb3
36. axb3 Qd7 37. Qb2 Be8 38. Ra1 Qc7 39. Rfb1 Ng7 40. Nc2 Kf7 41. Rxa7 Rxa7 42.
Ra1 Qb8 43. Ra3 Qa8 44. Rxa7+ Qxa7 45. Nb4 Ke7 46. Bd3 Bd7 47. Kf3 Kd8 48. Be1
Kc8 49. Qa2 Qxa2 50. Nxa2 Ne8 51. Ba5 Nc7 52. Bxc7 Kxc7 53. Nb4 Kb7 54. Ke2 Be8
55. Kd2 Bd7 56. Be2 Be8 57. Kc3 Bd7 58. h5 Be8 59. h6 Bd7 60. Nd3 Be8 61. Kb4
Ka6 62. Nf4 Bf7 63. Bf1 Be8 64. Ne2 Bd7 65. Nc3 Be8 66. Be2 Bd7 67. Na4 Kb7 68.
Nb6 Be8 69. Ka5 Nd7 70. Nxd7 Bxd7 71. Bf1 Be8 72. Kb4 Bd7 73. Ka3 Ka6 74. Kb2
Ka5 75. Kc3 Ka6 76. Bg2 Ka5 77. Bf3 Be8 78. Bd1 Bd7 79. Bc2 Be8 80. Bb1 Bf7 81.
Ba2 Bg8 82. b4+ Ka6 1/2-1/2

[Event "TCh-CZE Div1 Vychod 2012-13"]
[Site "Czech Republic CZE"]
[Date "2012.11.25"]
[Round "3.8"]
[White "Vyslouzil,L"]
[Black "Uher,V"]
[Result "1-0"]
[WhiteElo "1860"]
[BlackElo "2103"]
[WhiteTeam "A64 PROCLIENT Grygov B"]
[BlackTeam "SK Caissa RHEA Trebic A"]
[WhiteFideId "325350"]
[BlackFideId "314382"]
[EventDate "2012.10.21"]

1. e4 c6 2. d4 d5 3. exd5 cxd5 4. c4 Nf6 5. Nc3 g6 6. Nf3 Bg7 7. Be3 O-O 8. h3
b6 9. cxd5 Nxd5 10. Bc4 Bb7 11. O-O Nxc3 12. bxc3 Qc7 13. Bb3 Qxc3 14. Rc1 Qb4
15. Rc7 Be4 16. Ng5 Qd6 17. Bxf7+ Kh8 18. Qc1 Na6 19. Rc3 Bd5 20. Bxd5 Qxd5 21.
Qa3 Qb7 22. Ne6 Rf5 23. Nxg7 Kxg7 24. Rfc1 Rd8 25. Qb3 Rd7 26. Rc8 Rfd5 27. Bf4
Nc5 28. dxc5 Qxc8 29. c6 Rd8 30. Qe3 Rd1+ 31. Rxd1 Rxd1+ 32. Kh2 Qxc6 33. Qxe7+
Kg8 34. Be5 1-0

[Event "TCh-CZE Div1 Vychod 2012-13"]
[Site "Czech Republic CZE"]
[Date "2012.11.25"]
[Round "3.1"]
[White "Ponizil,C"]
[Black "Zpevak,P"]
[Result "0-1"]
[WhiteTitle "FM"]
[BlackTitle "IM"]
[WhiteElo "2377"]
[BlackElo "2379"]
[WhiteTeam "SK Zlin A"]
[BlackTeam "SK Stare Mesto A"]
[WhiteFideId "322202"]
[BlackFideId "300586"]
[EventDate "2012.10.21"]

1. e4 c5 2. Nf3 e6 3. d4 cxd4 4. Nxd4 a6 5. Bd3 Nc6 6. Nxc6 bxc6 7. O-O Qc7 8.
Qe2 d6 9. c4 Nf6 10. Nc3 Be7 11. b3 O-O 12. f4 e5 13. Kh1 exf4 14. Bxf4 Nd7 15.
Na4 Qa5 16. Be3 Bf6 17. Rac1 c5 18. Bd2 Qc7 19. h3 Bb7 20. Rcd1 Rae8 21. Bc2 Bd4
22. Qe1 Nf6 23. Ba5 Qc6 24. Bc3 Nxe4 25. Bxd4 cxd4 26. Qh4 f5 27. Rxd4 Nc5 28.
Rd5 Nxa4 29. bxa4 Re5 30. Bb3 Rxd5 31. cxd5 Qc5 32. Qg5 g6 33. Rc1 Qd4 34. Qe7
Rf7 35. Qxd6 Kg7 36. a5 f4 37. Rc7 Qf6 38. Rxf7+ Qxf7 39. Kg1 f3 40. Qe5+ Kh6
41. Qe3+ g5 42. d6 Qf6 43. Qe6 f2+ 0-1

[Event "TCh-CZE Div1 Vychod 2012-13"]
[Site "Czech Republic CZE"]
[Date "2012.11.25"]
[Round "3.3"]
[White "Rubal,A"]
[Black "Bazant,P jr"]
[Result "1/2-1/2"]
[WhiteElo "2245"]
[BlackElo "2376"]
[WhiteTeam "SK Zlin A"]
[BlackTeam "SK Stare Mesto A"]
[WhiteFideId "318663"]
[BlackFideId "311766"]
[EventDate "2012.10.21"]

1. g3 d5 2. Bg2 Nf6 3. Nf3 e6 4. O-O Be7 5. c4 O-O 6. d4 Nbd7 7. b3 b6 8. Bb2
Bb7 9. Nc3 dxc4 10. bxc4 Ne4 11. Qc2 Nxc3 12. Bxc3 Nf6 13. d5 exd5 14. Rad1 c6
15. Ng5 h6 16. cxd5 cxd5 17. Bxf6 hxg5 18. Bxd5 Bxd5 19. Bxe7 Qxe7 20. Rxd5 Rac8
21. Qd2 Rfd8 22. e4 Re8 23. Re1 Rcd8 1/2-1/2

[Event "TCh-CZE Div1 Vychod 2012-13"]
[Site "Czech Republic CZE"]
[Date "2012.11.25"]
[Round "3.5"]
[White "Dubina,P"]
[Black "Uricar,J"]
[Result "0-1"]
[WhiteElo "2122"]
[BlackElo "2163"]
[WhiteTeam "SK Zlin A"]
[BlackTeam "SK Stare Mesto A"]
[WhiteFideId "310786"]
[BlackFideId "325333"]
[EventDate "2012.10.21"]

1. Nf3 c5 2. c4 g6 3. Nc3 Bg7 4. g3 Nc6 5. Bg2 d6 6. d3 Bd7 7. Be3 Qc8 8. O-O
Nf6 9. Qc1 Ng4 10. Bf4 O-O 11. Nd5 Re8 12. Rb1 Rb8 13. a3 b5 14. b4 bxc4 15.
dxc4 Bf5 16. Ra1 cxb4 17. axb4 Bxa1 18. Qxa1 Nxb4 19. h3 Nxd5 20. cxd5 Nf6 21.
Nd4 Bxh3 22. Nc6 Bxg2 23. Kxg2 Nxd5 24. Bh6 Ne3+ 25. Kg1 Nf5 26. Rc1 Nxh6 27.
Nxe7+ Rxe7 28. Rxc8+ Rxc8 29. Qf6 Rxe2 30. Qxd6 Rce8 31. Qd7 R8e7 32. Qd4 Nf5
33. Qc3 h5 34. Qb4 Nh6 35. Qb8+ Kg7 36. f3 Re1+ 0-1

[Event "TCh-CZE Div1 Vychod 2012-13"]
[Site "Czech Republic CZE"]
[Date "2012.11.25"]
[Round "3.4"]
[White "Vrana,F"]
[Black "Krcal,M"]
[Result "0-1"]
[WhiteTitle "FM"]
[WhiteElo "2282"]
[BlackElo "2152"]
[WhiteTeam "SK Stare Mesto A"]
[BlackTeam "SK Zlin A"]
[WhiteFideId "302066"]
[BlackFideId "321184"]
[EventDate "2012.10.21"]

1. Nf3 Nf6 2. d4 g6 3. c4 Bg7 4. Nc3 d5 5. Bf4 O-O 6. e3 e6 7. Rc1 a6 8. Qb3 Nc6
9. cxd5 exd5 10. Be2 Na5 11. Qa3 Nc4 12. Bxc4 dxc4 13. Qc5 c6 14. Qxc4 Be6 15.
Qe2 Nd5 16. Nxd5 Bxd5 17. a3 Bxf3 18. Qxf3 Qa5+ 19. Rc3 c5 20. Qd5 b6 21. Be5
Rad8 22. Qc4 cxd4 23. Bxd4 Bxd4 24. exd4 Rfe8+ 25. Kd1 Qe5 26. Kc1 Rxd4 27. Qxa6
Qf5 28. Qxb6 Qxf2 0-1

[Event "TCh-CZE Div1 Vychod 2012-13"]
[Site "Czech Republic CZE"]
[Date "2012.11.25"]
[Round "3.6"]
[White "Shanel,J"]
[Black "Koutny,Pe"]
[Result "1-0"]
[WhiteElo "2178"]
[BlackElo "2175"]
[WhiteTeam "SK Stare Mesto A"]
[BlackTeam "SK Zlin A"]
[WhiteFideId "318671"]
[BlackFideId "310743"]
[EventDate "2012.10.21"]

1. e4 c5 2. c3 d6 3. Nf3 Nf6 4. d3 g6 5. g3 Bg7 6. Bg2 O-O 7. O-O Nc6 8. Nbd2
Qc7 9. Nh4 b5 10. f4 b4 11. Nc4 bxc3 12. bxc3 Rb8 13. h3 Nh5 14. Bd2 Nxg3 15.
Re1 Bf6 16. Nf3 Ba6 17. Kh2 Nh5 18. Qe2 Bxc4 19. dxc4 e5 20. f5 Nf4 21. Bf1 Kh8
22. Rab1 gxf5 23. exf5 Nh5 24. Qe4 Rxb1 25. Rxb1 Rg8 26. Bd3 Bd8 27. Rg1 Rxg1
28. Kxg1 Nf6 29. Qh4 Qe7 30. Bg5 e4 31. Bxe4 Ne5 32. Nh2 Ned7 33. Bc6 Ne5 34.
Bd5 a6 35. Kf1 Kg8 36. Bh6 Kh8 37. Bg5 Kg8 38. Qf4 Kh8 39. Ng4 Nexg4 40. hxg4
Kg8 41. Bf3 Ba5 42. Qd2 Qe5 43. Bf4 Qxc3 44. Qxc3 Bxc3 45. Bxd6 Bd4 46. Ke2 Nd7
47. Bd5 Kg7 48. Bb7 a5 49. Bc7 Ne5 50. Ba6 a4 51. g5 f6 52. Bd8 Nc6 53. gxf6+
Bxf6 54. Bb6 Be7 55. Bb5 Nd4+ 56. Kd3 a3 57. Ba4 h5 58. Bc7 Kf6 59. Ke4 Kf7 60.
Bf4 h4 61. Bd1 Nc6 62. Bh5+ Kg7 63. Bg4 Nb4 64. Bc1 Nxa2 65. Bxa3 Nb4 66. Bc1
Kf6 67. Bh3 Bd6 68. Bb2+ Kf7 69. Bg4 Bf8 70. Bh5+ Ke7 71. Be5 Kd8 72. Bg4 Nc6
73. Bf4 Nd4 74. Bg5+ Kd7 75. Bxh4 Ke8 76. Kd5 Kf7 77. Bf2 Kf6 78. Bxd4+ cxd4 79.
Kxd4 Ke7 80. Kd5 Bh6 81. Kc6 Bf4 82. c5 Be5 83. Kb7 Kd8 84. c6 Bd6 85. f6 Ke8
86. Be6 Kd8 87. f7 Ke7 88. c7 Bxc7 89. Kxc7 1-0

[Event "TCh-CZE Div1 Vychod 2012-13"]
[Site "Czech Republic CZE"]
[Date "2012.11.25"]
[Round "3.7"]
[White "Senkyr,M"]
[Black "Bazant,P sr"]
[Result "1-0"]
[WhiteElo "2171"]
[BlackElo "2266"]
[WhiteTeam "SK Zlin A"]
[BlackTeam "SK Stare Mesto A"]
[WhiteFideId "323047"]
[BlackFideId "304166"]
[EventDate "2012.10.21"]

1. e4 c5 2. Nf3 Nf6 3. e5 Nd5 4. Nc3 e6 5. Nxd5 exd5 6. d4 Nc6 7. dxc5 Bxc5 8.
c3 Qb6 9. Qd2 d4 10. Bd3 dxc3 11. bxc3 O-O 12. O-O Qd8 13. Rd1 Qe7 14. Qf4 g6
15. Bc4 Nd8 16. Qh6 Ne6 17. Bg5 Bxf2+ 18. Kxf2 Qc5+ 19. Rd4 Ng7 20. Be7 Qxe7 21.
Ng5 1-0

[Event "TCh-CZE Div1 Vychod 2012-13"]
[Site "Czech Republic CZE"]
[Date "2012.11.25"]
[Round "3.8"]
[White "Kapusta,Pe"]
[Black "Hodovsky,J"]
[Result "0-1"]
[WhiteElo "2152"]
[BlackElo "2098"]
[WhiteTeam "SK Stare Mesto A"]
[BlackTeam "SK Zlin A"]
[WhiteFideId "315222"]
[BlackFideId "317250"]
[EventDate "2012.10.21"]

1. e4 e5 2. Nf3 Nc6 3. Bb5 a6 4. Ba4 Nf6 5. O-O Be7 6. Re1 b5 7. Bb3 O-O 8. c3
d6 9. h3 Na5 10. Bc2 c5 11. d4 Qc7 12. Nbd2 cxd4 13. cxd4 Bb7 14. Nf1 Rac8 15.
Re2 d5 16. Nxe5 dxe4 17. Bg5 Rfd8 18. Ng3 Nc4 19. Nxc4 Qxc4 20. Nf5 Qe6 21.
Nxe7+ Qxe7 22. Bb3 Qd6 23. Rd2 Rd7 24. Rc1 Rxc1 25. Qxc1 Rc7 26. Rc2 Rxc2 27.
Qxc2 Qc6 28. Qxc6 Bxc6 29. Bxf6 gxf6 30. d5 Bd7 31. d6 f5 32. Bd5 Kg7 33. Kh2
Kf6 34. Kg3 Ke5 35. Bxf7 f4+ 36. Kh2 Kxd6 37. g3 e3 38. fxe3 fxe3 39. Kg2 Ke5
40. Bh5 Be6 41. Be2 Bd5+ 42. Kf1 Bxa2 43. Bd3 h6 44. Ke2 Kd4 45. g4 Bd5 46. Bf5
a5 47. h4 b4 48. Bc2 b3 49. Bb1 Bc4+ 50. Kd1 Bd3 51. Bxd3 Kxd3 52. g5 a4 0-1